Aging / (Record no. 126967)
[ view plain ]
| 000 -LEADER | |
|---|---|
| fixed length control field | 00624nam a22002177a 4500 |
| 005 - DATE AND TIME OF LATEST TRANSACTION | |
| control field | 20170124110017.0 |
| 010 ## - LIBRARY OF CONGRESS CONTROL NUMBER | |
| LC control number | A-753120 |
| 020 ## - INTERNATIONAL STANDARD BOOK NUMBER | |
| Terms of availability | 23.00 |
| International Standard Book Number | 8123709994 |
| 035 ## - SYSTEM CONTROL NUMBER | |
| System control number | A-753120 |
| 037 ## - SOURCE OF ACQUISITION | |
| Source of stock number/acquisition | Cen Lib/Ret |
| 040 ## - CATALOGING SOURCE | |
| Original cataloging agency | DPL |
| Language of cataloging | EN |
| 082 ## - DEWEY DECIMAL CLASSIFICATION NUMBER | |
| Classification number | 612.67 |
| Item number | RAO |
| 100 ## - MAIN ENTRY--PERSONAL NAME | |
| Personal name | Rao, Kalluri Subba |
| 9 (RLIN) | 19009 |
| 245 ## - TITLE STATEMENT | |
| Title | Aging / |
| Statement of responsibility, etc | by Kalluri Subba Rao |
| 260 ## - PUBLICATION, DISTRIBUTION, ETC. (IMPRINT) | |
| Place of publication, distribution, etc | New Delhi |
| Name of publisher, distributor, etc | National Book Trust |
| Date of publication, distribution, etc | 1994 |
| 270 ## - ADDRESS | |
| City | New Delhi |
| Postal code | 110016 |
| Address | A-5, Green Park |
| 300 ## - PHYSICAL DESCRIPTION | |
| Extent | viii, 69p. : |
| Dimensions | 18cm(Hb) |
| Other physical details | ill. |
| 490 ## - SERIES STATEMENT | |
| Series statement | Popular science series |
| 650 ## - SUBJECT ADDED ENTRY--TOPICAL TERM | |
| Topical term or geographic name as entry element | Effect of aging. |
| 9 (RLIN) | 19010 |
| 942 ## - ADDED ENTRY ELEMENTS (KOHA) | |
| Source of classification or shelving scheme | Dewey Decimal Classification |
| Koha item type | English Books |
| Classification part | 612.67 |
| Call number suffix | RAO |
| Withdrawn status | Lost status | Damaged status | Not for loan | Home library | Current library | Date acquired | Source of acquisition | Cost, normal purchase price | Total Checkouts | Full call number | Barcode | Date last seen | Copy number | Cost, replacement price | Price effective from | Koha item type | Public note | Source of classification or shelving scheme |
|---|---|---|---|---|---|---|---|---|---|---|---|---|---|---|---|---|---|---|
| Written off | Central Library | Central Library | 27/06/2015 | Cen Lib/Ret | 23.00 | 612.67 RAO | A-753120 | 27/06/2015 | 1 | 23.00 | 27/06/2015 | English Books | Written off on approval by DLB (By Circulation); dtd 15-06-2023 | |||||
| Written off | Central Library | Central Library | 31/10/2016 | 23.00 | 612.67 RAO | A-943554 | 31/10/2016 | 2 | 23.00 | 31/10/2016 | English Books | Written off on approval by DLB (By Circulation); dtd 15-06-2023 | Dewey Decimal Classification |
